| 000 | 00764 a2200205 4500 | ||
|---|---|---|---|
| 999 |
_c6271 _d6271 |
||
| 020 | _a9780470393086 (pbk.) | ||
| 020 | _a0470393084 (pbk.) | ||
| 050 | 0 | 0 | _aTX911.3 HAY 2010 |
| 100 | 1 |
_aHayes, David K. _eauthor |
|
| 245 | 1 | 0 |
_aRevenue management for the hospitality industry / _cDavid K. Hayes, Allisha A. Miller. |
| 264 |
_aNew Jersey ; _bJohn Wiley & Sons, _c2010. |
||
| 300 |
_axvi, 512 p. : _bill. ; |
||
| 500 | _aIncludes index | ||
| 504 | _aIncludes bibliographical references | ||
| 650 | 0 |
_aHospitality industry _xManagement. |
|
| 650 | 0 | _aHospitality industry. | |
| 700 | 1 |
_aMiller, Allisha A. _eauthor |
|
| 942 |
_2lcc _cBK _h911.3 _iHAY _kTX |
||